Soy una biblioteca!

Guardat en:
Dades bibliogràfiques
Autors principals: Flores, José Luis (Autor), Flores, JL (Autor)
Format: Llibre
Idioma:espanyol
Publicat: Santiago SM Chile 2013
Edició:1a. ed
Col·lecció:El Barco de Vapor, 15
Matèries:
Etiquetes: Afegir etiqueta
Sense etiquetes, Sigues el primer a etiquetar aquest registre!

MARC

LEADER 00000cam a2200000 a 4500
001 UCF9551
003 CL-VaPUC
008 131129e20130000cl |||||||||||||||||spa|d
020 |a 9789563494167 
082 0 4 |a Ch863  |b FLO  |2 21 
100 0 |a Flores, José Luis  |e author  |9 571915 
700 0 |a Flores, JL  |e author  |9 571916 
245 1 0 |a Soy una biblioteca! 
250 |a 1a. ed 
300 |a 63 p 
942 |c BK 
945 |d 20131129 12:34:00  |a cmena 
260 |a Santiago  |b SM Chile  |c 2013 
650 0 |a Cuentos chilenos   |9 308280 
650 0 |a Cuentos infantiles  |9 308044 
650 0 |a Literatura chilena   |9 308278 
583 |a last modification  |c 20131129 12:34:00  |k Rodrigo Vera 
490 0 |a El Barco de Vapor, 15 
999 |c 353994  |d 353992